000 00711nam a2200217Ii 4500
001 16433
003 CO-ViMGA
008 241108s9999||||xx |||||||||||||| ||und||
020 _a9789588596389
040 _aCO-ViMGA
_bspa
_erda
_cCO-ViMGA
041 0 _aunk
082 0 4 _aCo861.5 O74p
100 1 _aCeledonio Orjuela Duarte
_953937
245 1 0 _aPor el portón salen los ausentes :
_bantología personal
264 1 _a[Lugar de publicación no identificado] : Caza de Libros, [Fecha de publicación no identificada]
300 _avolumen
336 _atext
_btxt
_2rdacontent
337 _aunmediated
_bn
_2rdamedia
338 _avolume
_bnc
_2rdacarrier
940 _aidficha_siabuc: 16102. -- ficha_no_siabuc:16433
999 _c50743
_d50743